000 00343nam a22001217a 4500
008 180426b xxu||||| |||| 00| 0 eng d
041 _aeng
080 _a043.3
100 _a0
101 _aMBE-BTH
245 _aAnaliza e zinxhirit të vlerës dhe ndikimi i aktiviteteve të tij në qëndrueshmërinë Biznesore
_cFetoshi,A
942 _2udc
_cBK
999 _c45586
_d45586